Theoretical foundation for large-scale computations of nonlinear material behavior : proceedings of the Workshop on the Theoretical Foundation for Large-scale Computations of Nonlinear Material Behavior, Evanston, Illinois, October 24, 25, and 26, 1983 /

Bibliographic Details
Corporate Authors: Workshop on the Theoretical Foundation for Large-scale Computations of Nonlinear Material Behavior Northwestern University, National Science Foundation (U.S.), United States. Defense Advanced Research Projects Agency
Other Authors: Nemat-Nasser, S., Asaro, Robert J., Hegemier, Gilbert A.
Format: Conference Proceeding Book
Language:English
Published: Dordrecht ; Boston : M. Nijhoff ; 1984.
Series:Mechanics of elastic and inelastic solids ; 6.
Subjects:

MARC

Tag First Indicator Second Indicator Subfields
LEADER 00000pam a2200000 a 4500
001 in00000576721
005 20151014063808.0
008 840905s1984 ne a b 10010 eng
010 |a  84020596  
020 |a 9024730929 
035 |a (OCoLC)11187222 
035 |9 ACN4712AM 
039 0 |a 2  |b 3  |c 3  |d 3  |e 3 
040 |a DLC  |c DLC  |d TXA  |d UtOrBLW 
049 |a TXAM  |c [A08364879] 
050 0 0 |a TA401.3  |b .W67 1983 
082 0 |a 620.1/12  |2 19 
111 2 |a Workshop on the Theoretical Foundation for Large-scale Computations of Nonlinear Material Behavior  |d (1983 :  |c Northwestern University) 
245 1 0 |a Theoretical foundation for large-scale computations of nonlinear material behavior :  |b proceedings of the Workshop on the Theoretical Foundation for Large-scale Computations of Nonlinear Material Behavior, Evanston, Illinois, October 24, 25, and 26, 1983 /  |c editor-in-chief, Siavouche Nemat-Nasser, editors, Robert J. Asaro, Gilbert A. Hegemier ; sponsored by National Science Foundation [and] Defense Advance Research Projects Agency. 
264 1 |a Dordrecht ;  |a Boston :  |b M. Nijhoff ;  |c 1984. 
264 2 |a Hingham, MA :  |b Distributors for the U.S. and Canada, Kluwer Academic, 
300 |a viii, 415 pages :  |b illustrations ;  |c 25 cm. 
336 |a text  |b txt  |2 rdacontent 
337 |a unmediated  |b n  |2 rdamedia 
338 |a volume  |b nc  |2 rdacarrier 
490 1 |a Mechanics of elastic and inelastic solids ;  |v 6 
504 |a Includes bibliographies. 
650 0 |a Materials  |v Congresses. 
650 0 |a Solids  |v Congresses. 
650 0 |a Numerical calculations  |v Congresses. 
700 1 |a Nemat-Nasser, S. 
700 1 |a Asaro, Robert J. 
700 1 |a Hegemier, Gilbert A. 
710 2 |a National Science Foundation (U.S.) 
710 1 |a United States.  |b Defense Advanced Research Projects Agency. 
830 0 |a Mechanics of elastic and inelastic solids ;  |v 6. 
999 |a MARS 
999 f f |s b46e30ce-a1f7-3d26-ad1a-c6f029d69b07  |i 5121b12c-2baf-3bc9-811c-c3ef97b8d7b1  |t 0 
952 f f |p ric  |a Texas A&M University  |b Rellis Campus  |c Joint Library Facility  |d Remote Storage  |t 0  |e TA401.3 .W67 1983  |h Library of Congress classification  |i unmediated -- volume  |m A14808364879 
998 f f |a TA401.3 .W67 1983  |t 0  |l Remote Storage